Statistiques concernant RugbyPays ayant atteint les 1/4 de finale de coupe du monde

Cliquez ici pour prendre le quiz!

Statistiques générales

  • Ce quiz a été pris 99 fois
    (16 depuis la dernière actualisation)
  • Le résultat moyen est 13 sur 13

Statistiques - réponses

Nombre de fois Pays % Correct
9Nouvelle-Zélande
100%
9France
100%
9Australie
100%
8Angleterre
100%
7Afrique du Sud
100%
7Irlande
100%
7Ecosse
100%
6Pays de Galles
100%
2Fidji
100%
1Japon
100%
4Argentine
92%
2Samoa
92%
1Canada
67%

Distribution des résultats

Percentile by Number Answered

% des personnes avec chaque résultat

Votre développement - résultats

Vous n’avez pas pris ce quiz depuis la dernière actualisation